000 00356 a2200145 4500
001 92113
082 _a338.9 JON
090 _c44077
_d44076
100 _aCharles I Jones and Dietrich Vollrath
245 _aIntroduction to Economic Growth 3e
250 _a3
260 _aUSA
_bW W Norton
_c2013
300 _axiv, 306p.
_bPb
500 _aGeneral Book
942 _aCAE NUST
_k338.9 JON
999 _c327186
_d327186